00177nam a2200073Ia 4500008004100000245003400041260001900075260000900094170620s9999 xx 000 0 und d 0aAadhunic Asamaniya Manovigyan bDelhi- MotiLal c2010